000 00361 a2200169 4500
001 186039
020 _a978-852628290-2
040 _cMagnum
100 _aJoly, Fanny
240 1 0 _aQuem tem medo de lobo?
_lpor
245 1 0 _aQuem tem medo de lobo?
300 _a29
362 0 _a2011
440 1 _aScipione
697 _aLITERATURA INFANTO
942 _cBK
999 _c186039
_d186039